[Event "Koge Lang Sommer Weekend"]
[Site "Koge"]
[Date "2020.07.25"]
[Round "5"]
[White "Gade, Jens"]
[Black "Olsson, Rasmus"]
[Result "0-1"]
[WhiteElo "1502"]
[BlackElo "1736"]
[PlyCount "66"]
[EventDate "2020.07.22"]
[EventType "swiss"]
[EventRounds "7"]
[EventCountry "DEN"]
[SourceTitle "EXT 2021"]
[Source "ChessBase"]
[SourceDate "2020.10.23"]
[SourceVersion "1"]
[SourceVersionDate "2020.10.23"]
[SourceQuality "1"]

1. d4 Nf6 2. Nc3 d5 3. Nf3 e6 4. e3 c5 5. Be2 Nc6 6. 0-0 a6 7. a3 Bd6 8. Re1 Qc7 9. h3 h6 10. Kh1 b5 11. dxc5 Bxc5 12. b4 Bd6 13. Bb2 0-0 14. Bf1 Bb7 15. Qe2 Rac8 16. Rac1 Ne5 17. Nxe5 Bxe5 18. Nd1 Bxb2 19. Nxb2 Qc3 20. Nd3 Nd7 21. Red1 Rc7 22. Qd2 Rfc8 23. Nc5 Qxd2 24. Rxd2 Nxc5 25. bxc5 Rxc5 26. Bd3 e5 27. Bf5 R8c7 28. f3 Rc3 29. e4 d4 30. f4 g6 31. Bg4 h5 32. Bd1 Bxe4 33. fxe5 d3 0-1

[Event "Koge Lang Sommer Weekend"]
[Site "Koge"]
[Date "2020.07.23"]
[Round "3"]
[White "Gade, Jens"]
[Black "Keinicke, Mads"]
[Result "0-1"]
[WhiteElo "1502"]
[BlackElo "1877"]
[PlyCount "54"]
[EventDate "2020.07.22"]
[EventType "swiss"]
[EventRounds "7"]
[EventCountry "DEN"]
[SourceTitle "EXT 2021"]
[Source "ChessBase"]
[SourceDate "2020.10.23"]
[SourceVersion "1"]
[SourceVersionDate "2020.10.23"]
[SourceQuality "1"]

1. d4 d6 2. e4 Nf6 3. Nc3 e5 4. dxe5 dxe5 5. Qxd8+ Kxd8 6. Bg5 Be6 7. 0-0-0+ Kc8 8. Nf3 Nbd7 9. a3 a6 10. h3 h6 11. Bh4 Bd6 12. Nd2 b5 13. Bxf6 Nxf6 14. Bxb5 axb5 15. Nxb5 Bc5 16. f3 Rb8 17. Nc3 Bd4 18. Na4 Rd8 19. Rhe1 Rd6 20. c3 Ba7 21. c4 Bd4 22. Kc2 Nh5 23. g4 Nf4 24. h4 Ng2 25. Re2 Ne3+ 26. Rxe3 Bxe3 27. b3 Bxd2 0-1

[Event "DEN-ch Seniors 65"]
[Site "Logumkloster"]
[Date "2020.02.14"]
[Round "6"]
[White "Gade, Jens"]
[Black "Kristensen, Lars Ostergaard"]
[Result "0-1"]
[WhiteElo "1470"]
[BlackElo "1632"]
[PlyCount "86"]
[EventDate "2020.02.09"]
[EventType "swiss"]
[EventRounds "7"]
[EventCountry "DEN"]
[SourceTitle "EXT 2021"]
[Source "ChessBase"]
[SourceDate "2020.10.23"]
[SourceVersion "1"]
[SourceVersionDate "2020.10.23"]
[SourceQuality "1"]

1. d4 Nf6 2. c4 g6 3. Nf3 Bg7 4. e3 d6 5. Nc3 0-0 6. Be2 c5 7. d5 Na6 8. 0-0 Nc7 9. a4 Bd7 10. Re1 b6 11. Qc2 a6 12. Bd2 Rb8 13. e4 b5 14. axb5 axb5 15. e5 Nh5 16. exd6 exd6 17. Ne4 Bf5 18. Bc3 Re8 19. Nfd2 Nf6 20. f3 bxc4 21. Bxc4 Nb5 22. Bxb5 Bxe4 23. fxe4 Rxb5 24. Rf1 Nd7 25. Qd3 Rb7 26. Nc4 Ne5 27. Nxe5 Bxe5 28. Bxe5 Rxe5 29. Qc2 Qb8 30. Rf2 Qe8 31. Re2 Rbe7 32. Rae1 f5 33. Kf2 Kf7 34. Qc4 Kf6 35. g3 Rxe4 36. Qc3+ Kf7 37. Qf3 Rxe2+ 38. Rxe2 Rxe2+ 39. Qxe2 Qxe2+ 40. Kxe2 Kf6 41. Kd3 Ke5 42. Kc4 g5 43. h3 f4 0-1

[Event "Helsingor Xtracon op"]
[Site "Helsingor"]
[Date "2019.07.25"]
[Round "7"]
[White "Gade, Jens"]
[Black "Huse, Lars Paul"]
[Result "1-0"]
[WhiteElo "1528"]
[BlackElo "1124"]
[PlyCount "51"]
[EventDate "2019.07.20"]
[EventType "swiss"]
[EventRounds "10"]
[EventCountry "DEN"]
[SourceTitle "CBM 191 Extra"]
[Source "ChessBase"]
[SourceDate "2019.09.30"]
[SourceVersion "1"]
[SourceVersionDate "2019.09.30"]
[SourceQuality "1"]

1. f4 d5 2. Nf3 b6 3. e3 e6 4. b3 Bb7 5. Bb2 Nd7 6. Be2 Ngf6 7. 0-0 Be7 8. d3 0-0 9. h3 Bc5 10. d4 Bd6 11. Nbd2 Re8 12. Ne5 Be7 13. Bb5 a6 14. Bc6 Bxc6 15. Nxc6 Qc8 16. Nxe7+ Rxe7 17. Ba3 Re8 18. Qf3 c6 19. g4 Nb8 20. g5 Nfd7 21. Kf2 g6 22. h4 a5 23. h5 f5 24. hxg6 hxg6 25. Qh3 Kg7 26. Qh6+ 1-0

[Event "Helsingor Xtracon op"]
[Site "Helsingor"]
[Date "2019.07.23"]
[Round "5"]
[White "Gade, Jens"]
[Black "Damm, Henrik"]
[Result "0-1"]
[WhiteElo "1528"]
[BlackElo "1591"]
[PlyCount "70"]
[EventDate "2019.07.20"]
[EventType "swiss"]
[EventRounds "10"]
[EventCountry "DEN"]
[SourceTitle "CBM 191 Extra"]
[Source "ChessBase"]
[SourceDate "2019.09.30"]
[SourceVersion "1"]
[SourceVersionDate "2019.09.30"]
[SourceQuality "1"]

1. e4 e5 2. Nf3 Nc6 3. Bb5 a6 4. Ba4 d6 5. h3 h6 6. 0-0 Bd7 7. c3 Nf6 8. Re1 Be7 9. d4 exd4 10. cxd4 0-0 11. Nc3 b5 12. Bc2 Re8 13. Qd3 Nb4 14. Qd2 Nxc2 15. Qxc2 Bc6 16. d5 Bb7 17. Nd4 Qd7 18. Be3 c6 19. dxc6 Bxc6 20. Nxc6 Qxc6 21. a3 Bf8 22. f3 Nd7 23. Rac1 Rac8 24. Qd2 Qb7 25. Nd5 Ne5 26. b3 Rxc1 27. Rxc1 Rc8 28. Rxc8 Qxc8 29. Qc1 Qxc1+ 30. Bxc1 Nc6 31. Be3 Nb8 32. Kf2 f6 33. b4 Kf7 34. Ba7 Nc6 35. Nc7 Nxa7 0-1

[Event "Helsingor Xtracon op"]
[Site "Helsingor"]
[Date "2019.07.21"]
[Round "3"]
[White "Gade, Jens"]
[Black "Jarlskov, Daniel Tuk Hartso"]
[Result "1/2-1/2"]
[WhiteElo "1528"]
[BlackElo "1716"]
[PlyCount "70"]
[EventDate "2019.07.20"]
[EventType "swiss"]
[EventRounds "10"]
[EventCountry "DEN"]
[SourceTitle "CBM 191 Extra"]
[Source "ChessBase"]
[SourceDate "2019.09.30"]
[SourceVersion "1"]
[SourceVersionDate "2019.09.30"]
[SourceQuality "1"]

1. Nf3 d5 2. g3 c5 3. Bg2 Nc6 4. b3 e5 5. 0-0 g6 6. d3 Bg7 7. Bb2 Be6 8. e4 d4 9. Bc1 Qd7 10. Ng5 h5 11. Nxe6 Qxe6 12. f4 Nge7 13. fxe5 Nxe5 14. Bf4 h4 15. Qe1 Bf6 16. Nd2 g5 17. Bxe5 Bxe5 18. Nf3 hxg3 19. Nxe5 gxh2+ 20. Kh1 Qxe5 21. Qf2 Rh7 22. Qf3 0-0-0 23. Rf2 Rf8 24. Raf1 b6 25. Qg4+ Kc7 26. Bh3 Qd6 27. Rf6 Qd8 28. Qg3+ Kb7 29. Rd6 Qb8 30. Rff6 Ng6 31. Bf5 Rg7 32. Qxg5 Rfg8 33. Bxg6 Rxg6 34. Qd5+ Ka6 35. Qc4+ Kb7 1/2-1/2

[Event "Helsingor Xtracon op"]
[Site "Helsingor"]
[Date "2018.07.29"]
[Round "10"]
[White "Tolba, Henri"]
[Black "Gade, Jens"]
[Result "1/2-1/2"]
[WhiteElo "1751"]
[BlackElo "1465"]
[PlyCount "135"]
[EventDate "2018.07.21"]
[EventType "swiss"]
[EventRounds "10"]
[EventCountry "DEN"]
[SourceTitle "CBM 185 Extra"]
[Source "ChessBase"]
[SourceDate "2018.07.29"]
[SourceVersion "1"]
[SourceVersionDate "2018.07.29"]
[SourceQuality "1"]

1. d4 Nf6 2. g3 d5 3. Bg2 e6 4. Nf3 Be7 5. 0-0 0-0 6. Nbd2 Nbd7 7. c4 c6 8. Qc2 b6 9. b3 Bb7 10. Ne5 Nxe5 11. dxe5 Nd7 12. Bb2 Rc8 13. e4 Qc7 14. f4 Bc5+ 15. Kh1 b5 16. a3 a5 17. exd5 cxd5 18. cxb5 Qb6 19. Qd3 Rc7 20. f5 d4 21. Nc4 Bxg2+ 22. Kxg2 Qxb5 23. f6 g6 24. Qd2 Kh8 25. Rf3 Nb6 26. Nxb6 Bxb6 27. Qd3 Qxe5 28. Rd1 Rfc8 29. Bxd4 Bxd4 30. Qxd4 Rc2+ 31. Kg1 Qxd4+ 32. Rxd4 h5 33. Rfd3 Kh7 34. Rd7 R2c7 35. h4 Kh6 36. Kf2 g5 37. hxg5+ Kxg5 38. b4 axb4 39. axb4 Kxf6 40. b5 Rxd7 41. Rxd7 Rb8 42. Rd4 Rxb5 43. Kf3 Rb3+ 44. Kg2 e5 45. Rd6+ Kg5 46. Rd7 Kg6 47. Rc7 f6 48. Rc8 Rb4 49. Rg8+ Kh7 50. Rf8 Rb6 51. Kh3 e4 52. Re8 f5 53. Kh4 Kg6 54. Rg8+ Kf7 55. Rg5 Rf6 56. Rxh5 e3 57. Rh7+ Ke6 58. Kg5 e2 59. Rh1 Rf8 60. Re1 Rg8+ 61. Kf4 Rg4+ 62. Kf3 Re4 63. Rxe2 Rxe2 64. Kxe2 Kf6 65. Kf2 Kg6 66. Ke3 Kh5 67. Kf4 Kg6 68. g4 1/2-1/2

[Event "Helsingor Xtracon op"]
[Site "Helsingor"]
[Date "2018.07.22"]
[Round "2"]
[White "Kallenbach, Olav"]
[Black "Gade, Jens"]
[Result "1-0"]
[WhiteElo "1838"]
[BlackElo "1465"]
[PlyCount "39"]
[EventDate "2018.07.21"]
[EventType "swiss"]
[EventRounds "10"]
[EventCountry "DEN"]
[SourceTitle "CBM 185 Extra"]
[Source "ChessBase"]
[SourceDate "2018.07.29"]
[SourceVersion "1"]
[SourceVersionDate "2018.07.29"]
[SourceQuality "1"]

1. e4 c5 2. Nf3 d6 3. d4 cxd4 4. Nxd4 Nf6 5. Nc3 a6 6. Bg5 e6 7. f4 Be7 8. Qf3 Nc6 9. 0-0-0 Nxd4 10. Rxd4 Nd7 11. Bxe7 Qxe7 12. Bc4 b5 13. Bb3 Nc5 14. Rhd1 Bb7 15. Rxd6 b4 16. Na4 Bxe4 17. Qe3 Nxb3+ 18. axb3 Bd5 19. Rb6 0-0 20. Rxd5 1-0

[Event "DEN-ch Kort2 B"]
[Site "Skorping"]
[Date "2017.04.13"]
[Round "1"]
[White "Gade, Jens"]
[Black "Horslund, Mikael"]
[Result "0-1"]
[WhiteElo "1511"]
[BlackElo "1674"]
[PlyCount "102"]
[EventDate "2017.04.13"]
[EventType "swiss"]
[EventRounds "5"]
[EventCountry "DEN"]
[SourceTitle "EXT 2023"]
[Source "ChessBase"]
[SourceDate "2022.10.05"]
[SourceVersion "1"]
[SourceVersionDate "2022.10.05"]
[SourceQuality "1"]

1. f4 e5 2. fxe5 d6 3. exd6 Bxd6 4. Nf3 g5 5. g3 Bg4 6. Bg2 Nd7 7. d4 f6 8. Qd3 Qe7 9. Qe3 0-0-0 10. Qxe7 Nxe7 11. 0-0 h5 12. c4 c5 13. d5 Ng6 14. Nc3 Rde8 15. Bd2 h4 16. gxh4 Nxh4 17. Rae1 Nxg2 18. Kxg2 Bh3+ 19. Kf2 Bxf1 20. Rxf1 Ne5 21. b3 Nxf3 22. Kxf3 Rxh2 23. Nb5 Bb8 24. Rf2 Rxf2+ 25. Kxf2 Kd7 26. Nc3 Bc7 27. Nd1 Rh8 28. Kf3 Rh4 29. Nf2 b6 30. e3 Ke7 31. Bc1 f5 32. Kg2 Kf7 33. e4 fxe4 34. Bxg5 Rh2+ 35. Kg1 Kg6 36. Nxe4 Rxa2 37. Bh4 Kh5 38. Bf2 Ra1+ 39. Kg2 Ra2 40. d6 Bd8 41. Kf3 Rb2 42. Kf4 Rxb3 43. Ke5 a5 44. Kd5 a4 45. Be1 Re3 46. Bc3 Kg6 47. Bh8 Kf5 48. Nf2 a3 49. Kc6 Ke6 50. Ng4 Re4 51. Nf2 Rxc4 0-1

[Event "Politiken Cup 37th"]
[Site "Helsingor"]
[Date "2015.07.28"]
[Round "5"]
[White "Sorensen, John K"]
[Black "Gade, Jens"]
[Result "1-0"]
[WhiteElo "1792"]
[BlackElo "1572"]
[PlyCount "71"]
[EventDate "2015.07.25"]
[EventType "swiss"]
[EventRounds "10"]
[EventCountry "DEN"]
[SourceTitle "CBM 167 Extra"]
[Source "ChessBase"]
[SourceDate "2015.09.14"]
[SourceVersion "1"]
[SourceVersionDate "2015.09.14"]
[SourceQuality "1"]

1. d4 Nf6 2. Nf3 d5 3. c4 c6 4. Nc3 Bf5 5. Bf4 e6 6. e3 Be7 7. h3 h6 8. c5 0-0 9. b4 b5 10. a4 bxa4 11. Rxa4 Nbd7 12. Qa1 Ne4 13. Nxe4 dxe4 14. Ne5 Nxe5 15. Bxe5 f6 16. Bh2 Qd7 17. Bc4 Kh8 18. 0-0 Bh7 19. Qa2 Bg8 20. Ra1 e5 21. Bxg8 Rxg8 22. Rxa7 Rxa7 23. Qxa7 Qe6 24. Qb7 exd4 25. exd4 e3 26. Re1 e2 27. Qa6 Re8 28. Qxe2 Qxe2 29. Rxe2 Kg8 30. Bd6 Kf7 31. Rxe7+ Rxe7 32. Bxe7 Kxe7 33. Kf1 Ke6 34. Ke2 Kd5 35. Kd3 f5 36. Kc3 1-0

[Event "Amager Spring C"]
[Site "Amager"]
[Date "2015.05.12"]
[Round "3"]
[White "Gade, Jens"]
[Black "Andersen, Peter"]
[Result "1-0"]
[WhiteElo "1479"]
[BlackElo "1466"]
[PlyCount "121"]
[EventDate "2015.04.28"]
[EventType "tourn"]
[EventRounds "5"]
[EventCountry "DEN"]
[SourceTitle "EXT 2023"]
[Source "ChessBase"]
[SourceDate "2022.10.05"]
[SourceVersion "1"]
[SourceVersionDate "2022.10.05"]
[SourceQuality "1"]

1. d4 Nf6 2. c4 g6 3. Nc3 Bg7 4. e3 0-0 5. Nf3 d6 6. Be2 c6 7. 0-0 Nbd7 8. Re1 e5 9. dxe5 dxe5 10. Qc2 Qc7 11. e4 a5 12. Bg5 Nc5 13. Nd2 Be6 14. Be3 Nfd7 15. Nb3 Na6 16. Rad1 Rad8 17. Rd2 Nf6 18. Red1 Rd7 19. Rxd7 Nxd7 20. Qd2 Re8 21. Qd6 Qxd6 22. Rxd6 Bf8 23. Rd2 b6 24. a3 Nac5 25. Nxc5 Nxc5 26. f3 f6 27. Na2 Be7 28. Kf1 Nd7 29. b4 c5 30. bxa5 bxa5 31. Nc3 Nb6 32. Nd5 Bxd5 33. cxd5 Nc8 34. Bb5 Rd8 35. a4 Nb6 36. Rc2 Rc8 37. Bc6 Rc7 38. Bxc5 Bxc5 39. Rxc5 Nxa4 40. Rxa5 Nb6 41. Rb5 Nc4 42. Rb7 Rxb7 43. Bxb7 Nd6 44. Bc6 Kf8 45. g4 g5 46. Kg2 h6 47. Kg3 Ke7 48. h4 Kf7 49. Bd7 Ke7 50. Bc6 Kd8 51. hxg5 hxg5 52. Kf2 Ke7 53. Ba4 Kd8 54. Ke2 Kc7 55. Kd3 Kb6 56. Kc3 Kc5 57. Kb3 Kd4 58. Kb4 Nf7 59. Kb5 Nd6+ 60. Kc6 Nf7 61. d6 1-0

[Event "Amager Aabne CC-ch C"]
[Site "Amager"]
[Date "2015.02.03"]
[Round "2"]
[White "Jensen, Ole Yde"]
[Black "Gade, Jens"]
[Result "0-1"]
[WhiteElo "1417"]
[BlackElo "1348"]
[PlyCount "38"]
[EventDate "2015.01.20"]
[EventType "tourn"]
[EventRounds "7"]
[EventCountry "DEN"]
[SourceTitle "EXT 2023"]
[Source "ChessBase"]
[SourceDate "2022.10.05"]
[SourceVersion "1"]
[SourceVersionDate "2022.10.05"]
[SourceQuality "1"]

1. d4 Nf6 2. Nc3 d5 3. Bf4 e6 4. h3 a6 5. Nf3 c5 6. e3 Nc6 7. Ne5 cxd4 8. exd4 Qb6 9. Nxc6 bxc6 10. Rb1 c5 11. Be3 Bb7 12. Na4 Qb4+ 13. Nc3 Ne4 14. Bd2 Qxd4 15. Nxe4 Qxe4+ 16. Qe2 Qxc2 17. Qd1 Qe4+ 18. Be3 Bc6 19. Qd3 d4 0-1